[Event "Mistrzostwa Polski Juniorow do lat 16 - Dziewczeta"]
[Site "Szklarska Poreba"]
[Date "1899-12-30"]
[Round "3.5"]
[White "Kieca, Aleksandra"]
[Black "Kroliczek, Gabriela"]
[Result "0-1"]
[WhiteTitle "I+"]
[BlackTitle "k"]
[WhiteElo "1614"]
[BlackElo "1994"]

1. e4 c5 2. Nf3 Nc6 3. Bb5 g6 4. Bxc6 dxc6 5. d3 Bg7 6. h3 Nf6 7. Nc3 O-O 8. Be3
Nd7 9. Qd2 Re8 10. Bh6 Bh8 11. O-O e5 12. Nh2 Nf8 13. f4 f6 14. fxe5 fxe5 15.
Qf2 Qe7 16. Bg5 Qc7 17. Bh6 Qe7 18. Ne2 Be6 19. Nf3 Bf6 20. Qg3 Nd7 21. Ng5 Bg7
22. Nxe6 Qxe6 23. Be3 b6 24. Kh1 Nf6 25. Ng1 c4 26. Nf3 cxd3 27. cxd3 Rad8 28.
Ng5 Qe7 29. Rad1 c5 30. Bc1 Rd7 31. Nf3 Nh5 32. Qh2 Rf8 33. b3 Rd6 34. Bg5 Qe8
35. Bc1 h6 36. g4 Nf4 37. Nxe5 Nxd3 38. Rxf8+ Bxf8 39. Nxd3 Rxd3 40. Re1 Qd7 41.
Qg2 Bg7 42. Bf4 g5 43. Bg3 Rd2 44. Re2 Rd1+ 45. Kh2 Bd4 46. Qf3 Qc6 47. Rg2 Rc1
48. Qe2 Rc3 49. e5 Re3 50. Qc4+ Kg7 51. Rf2 Rf3 52. Re2 b5 53. Qc2 Rf1 54. Rg2
a5 55. Qe2 Rf7 56. Qe1 Re7 57. Qxa5 b4 58. Rc2 Qe4 59. Rg2 Qd5 60. Qb5 Bxe5 61.
Qf1 Bxg3+ 62. Rxg3 Qe5 63. Qf2 Rf7 64. Qg2 Rd7 65. Qc2 Rd5 66. Kg2 Qf4 67. Qb2+
Kg8 68. Kh1 Qxg3 69. Qe2 Qe5 70. Qf1 Qe4+ 71. Kh2 Rd2+ 72. Kg1 Qd4+ 73. Kh1 Rd1
0-1

[Event "Mistrzostwa Polski Juniorow do lat 16 - Dziewczeta"]
[Site "Szklarska Poreba"]
[Date "1899-12-30"]
[Round "3.6"]
[White "Czarnecka, Lidia"]
[Black "Pisarek, Elzbieta"]
[Result "1/2-1/2"]
[WhiteTitle "I++"]
[BlackTitle "I"]
[WhiteElo "1874"]
[BlackElo "1624"]

1. e4 c5 2. Nf3 Nc6 3. d4 cxd4 4. Nxd4 e5 5. Nb5 a6 6. Nd6+ Bxd6 7. Qxd6 Qf6 8.
Qd1 Qg6 9. Nc3 d5 10. Nxd5 Qxe4+ 11. Be3 Nd4 12. Nc7+ Ke7 13. Rc1 Bg4 14. Qd3
Qxd3 15. Bxd3 Rd8 16. Bc4 Nxc2+ 17. Kf1 Nxe3+ 18. fxe3 Nf6 19. h3 Bd7 20. Bd5
Bc8 21. e4 Rd7 22. Kf2 Rhd8 23. Ke3 b5 24. Rc5 Nxd5+ 25. Nxd5+ Ke6 26. b4 Bb7
27. Nc7+ Kf6 28. Rf1+ Kg6 29. Kf3 f5 30. Kg3 Bxe4 31. Ne6 Rd3+ 32. Kh2 R8d6 33.
Rxe5 Kf6 34. Rxe4 Rxe6 35. Ref4 g6 36. R4f2 Kg5 37. Rc1 Rd4 38. Rc7 Rxb4 39. Rxh7
Ra4 40. g4 Kf6 41. gxf5 gxf5 42. Rh6+ Ke7 43. Rh7+ Kd6 44. Rf7 Re5 45. Rf6+ Ke7
46. Rh6 f4 47. Rc2 Re6 48. Rh7+ Kd6 49. h4 Ra3 50. Rd2+ Kc6 51. Rf7 f3 52. Kg1
Re1+ 53. Kf2 Re2+ 54. Rxe2 fxe2 55. h5 Rxa2 56. h6 e1=Q+ 57. Kxe1 Rh2 58. Rf6+
Kb7 59. Kd1 b4 60. Kc1 a5 61. Kb1 b3 62. Rf3 a4 63. Rf4 Rxh6 64. Rxa4 Rh3 65.
Kb2 Kc6 66. Rb4 1/2-1/2

[Event "Mistrzostwa Polski Juniorow do lat 16 - Dziewczeta"]
[Site "Szklarska Poreba"]
[Date "1899-12-30"]
[Round "3.7"]
[White "Rozumek, Paulina"]
[Black "Sloniewska, Alicja"]
[Result "0-1"]
[WhiteTitle "II+"]
[BlackTitle "I++"]
[WhiteElo "1091"]
[BlackElo "1723"]

1. Nf3 f5 2. b3 g6 3. Bb2 Nf6 4. e3 Bg7 5. d4 O-O 6. Nbd2 d6 7. Bd3 Qe8 8. O-O
Nbd7 9. e4 f4 10. e5 dxe5 11. dxe5 Ng4 12. Re1 Nc5 13. Bc4+ Be6 14. h3 Nh6 15.
Qe2 Bf7 16. Ng5 Kh8 17. e6 Bxb2 18. Nxf7+ Nxf7 19. exf7 Qc6 20. Qxe7 Bf6 21. Qe2
Bxa1 22. Rxa1 Qf6 23. Re1 b5 24. Bxb5 Rxf7 25. Qc4 Nb7 26. Nf3 Nd6 27. Qc6 Rd8
28. Bd3 Re7 29. Rxe7 Qxe7 30. c4 Nf7 31. Be4 Ne5 32. Bc2 Nxc6 0-1

[Event "Mistrzostwa Polski Juniorow do lat 16 - Dziewczeta"]
[Site "Szklarska Poreba"]
[Date "1899-12-30"]
[Round "3.8"]
[White "Jedrzejko, Martyna"]
[Black "Wawrzyniak, Weronika"]
[Result "0-1"]
[WhiteTitle "I"]
[BlackTitle "I+"]
[WhiteElo "1597"]
[BlackElo "1648"]

1. d4 d5 2. Bf4 Nf6 3. e3 Bf5 4. Nf3 e6 5. h3 c5 6. c3 Nc6 7. Bd3 Bg6 8. Bxg6 hxg6
9. Nbd2 Bd6 10. Bxd6 Qxd6 11. dxc5 Qxc5 12. Qe2 b5 13. Nb3 Qb6 14. Nbd4 Rb8 15.
O-O O-O 16. Rac1 Rfc8 17. Rfd1 Na5 18. b3 Ne4 19. Qb2 Rc7 20. Nd2 Nd6 21. N2f3
Rbc8 22. Ne2 Nab7 23. Qa1 Ne4 24. a4 bxa4 25. bxa4 Na5 26. Rb1 Qa6 27. Nfd4 Nxc3
28. Nxc3 Rxc3 29. Rbc1 Rxc1 30. Rxc1 Nc4 31. Nb5 Qa5 32. Rc2 a6 33. Nd4 Qb6 34.
Qa2 Rb8 35. Kf1 Qb1+ 36. Ke2 Qb6 37. Nf3 a5 38. Nd2 Ne5 39. Kf1 Qa6+ 40. Kg1 Qb6
41. Qa1 Nd3 42. Qc3 Nb4 43. Rb2 Qd8 44. Nf3 Rc8 45. Qd2 Qc7 46. Nd4 Qc1+ 47. Kh2
Qxd2 48. Rxd2 Rc3 49. Nb5 Rc1 50. Kg3 Ra1 51. Nc3 Ra3 52. Nb5 Rxa4 53. Kf3 Ra2
54. Rd1 Kf8 55. Rc1 Rc2 56. Ra1 Nc6 57. Nd4 Nxd4+ 58. exd4 Rc4 59. Ke3 a4 60.
Kd3 Ke7 61. Ke3 Kd6 62. Kd3 Kc6 63. Rb1 a3 64. Ra1 Ra4 65. Kc3 a2 66. Kd3 Kb5
67. Kc3 Ra3+ 68. Kb2 Kb4 69. Kc2 Kc4 70. Kb2 Ra4 0-1

[Event "Mistrzostwa Polski Juniorow do lat 16 - Dziewczeta"]
[Site "Szklarska Poreba"]
[Date "1899-12-30"]
[Round "3.9"]
[White "Pawlak, Emilia"]
[Black "Zarebska, Lena"]
[Result "0-1"]
[WhiteTitle "I"]
[BlackTitle "I++"]
[WhiteElo "1514"]
[BlackElo "1845"]

1. e4 c5 2. Nf3 Nc6 3. Bb5 e6 4. O-O Nge7 5. Re1 Nd4 6. Bf1 Nec6 7. c3 Nxf3+ 8.
Qxf3 Be7 9. Qg3 O-O 10. d4 Bh4 11. Qd3 cxd4 12. cxd4 f5 13. g3 fxe4 14. Rxe4 Be7
15. Nc3 d5 16. Re1 e5 17. dxe5 Nb4 18. Qd2 Bc5 19. Re2 Bg4 20. Na4 Be7 21. Re1
Rc8 22. Qd4 Be6 23. Bd3 Nxd3 24. Qxd3 Qa5 25. Nc3 d4 26. Bd2 dxc3 27. Bxc3 Qa4
28. b3 Qg4 29. Re4 Qg6 30. Rae1 Rfd8 31. Qe3 Bd5 32. Ra4 b5 33. Ra5 Bc5 34. Bd4
Bb4 0-1

[Event "Mistrzostwa Polski Juniorow do lat 16 - Dziewczeta"]
[Site "Szklarska Poreba"]
[Date "1899-12-30"]
[Round "3.10"]
[White "Mirowska, Oliwia"]
[Black "Kaznowska, Weronika"]
[Result "1-0"]
[WhiteTitle "k"]
[BlackTitle "I+"]
[WhiteElo "1840"]
[BlackElo "1502"]

1. e4 Nc6 2. Bc4 e6 3. d3 d5 4. exd5 exd5 5. Bb3 Be6 6. Nc3 Bb4 7. Bd2 Bxc3 8.
Bxc3 f6 9. Qe2 Qd6 10. Nh3 Kd7 11. O-O-O Re8 12. Qf3 Nh6 13. Rde1 d4 14. Bxe6+
Rxe6 15. Bd2 Nf7 16. Nf4 Re5 17. Qg4+ Ke7 18. Qxg7 Ncd8 19. Nh5 Qe6 20. Nxf6 Qxf6
21. Rxe5+ Qxe5 22. Re1 Qxe1+ 23. Bxe1 Ne6 24. Qg3 Nd6 25. Qe5 Rg8 26. f4 Rxg2
27. f5 Nxf5 28. Qxf5 Rxh2 29. Bb4+ c5 30. Bxc5+ Nxc5 31. Qe5+ 1-0

[Event "Mistrzostwa Polski Juniorow do lat 16 - Dziewczeta"]
[Site "Szklarska Poreba"]
[Date "1899-12-30"]
[Round "3.11"]
[White "Mytnik, Kinga"]
[Black "Wojtas, Julia"]
[Result "0-1"]
[WhiteTitle "I"]
[BlackTitle "I"]
[WhiteElo "1638"]
[BlackElo "1448"]

1. e4 e5 2. Nf3 Nc6 3. Bc4 Nf6 4. d3 Be7 5. Nbd2 O-O 6. O-O d6 7. c3 a5 8. a4 Kh8
9. Qb3 Qe8 10. d4 Nh5 11. Bb5 Bd7 12. Bxc6 Bxc6 13. d5 Bd7 14. Qxb7 f5 15. Qxc7
Nf4 16. Re1 Qg6 17. g3 fxe4 18. Qxd7 exf3 19. Re3 Nxd5 20. Rxf3 Rxf3 21. Nxf3
Qe4 22. Qc6 Rf8 23. Bf4 Qxf3 24. c4 exf4 25. Qxd5 Qxd5 26. cxd5 f3 27. Re1 Bf6
28. b3 Kg8 29. g4 Kf7 30. Re4 Re8 31. Re3 Rxe3 32. fxe3 Bh4 0-1

[Event "Mistrzostwa Polski Juniorow do lat 16 - Dziewczeta"]
[Site "Szklarska Poreba"]
[Date "1899-12-30"]
[Round "3.12"]
[White "Bugaj, Hanna"]
[Black "Krzyzosiak, Anna"]
[Result "1/2-1/2"]
[WhiteTitle "I+"]
[BlackTitle "I++"]
[WhiteElo "1556"]
[BlackElo "1629"]

1. d4 Nf6 2. c4 g6 3. Nf3 Bg7 4. g3 d6 5. Bg2 O-O 6. O-O Nbd7 7. Qc2 c5 8. Nc3
a6 9. Rd1 Qc7 10. dxc5 Nxc5 11. e4 Be6 12. Nd5 Nxd5 13. cxd5 Bd7 14. Rb1 Rac8
15. Bf4 Qd8 16. Qe2 Bb5 17. Qe3 Na4 18. Nd4 Qb6 19. Bh6 Bxh6 20. Qxh6 Bc4 21.
Nf3 f6 22. Bh3 Rb8 23. Be6+ Kh8 24. Nh4 Rg8 25. Bxg8 Rxg8 26. Nxg6+ Rxg6 27. Qf8+
Rg8 28. Qxe7 Bxa2 29. Qxf6+ Rg7 30. Rbc1 Nc5 31. Qf8+ Rg8 32. Qf6+ Rg7 33. Qf8+
Rg8 34. Qf6+ 1/2-1/2

[Event "Mistrzostwa Polski Juniorow do lat 16 - Dziewczeta"]
[Site "Szklarska Poreba"]
[Date "1899-12-30"]
[Round "3.13"]
[White "Zniszczol, Wiktoria"]
[Black "Nowak, Roksana"]
[Result "1/2-1/2"]
[WhiteTitle "I+"]
[BlackTitle "I"]
[WhiteElo "1627"]
[BlackElo "1412"]

1. e4 e5 2. Nf3 Nc6 3. Nc3 Nf6 4. d4 exd4 5. Nxd4 Bb4 6. Nxc6 Bxc3+ 7. bxc3 bxc6
8. Bd3 d6 9. h3 h6 10. O-O O-O 11. Qf3 Be6 12. Be3 c5 13. c4 Nd7 14. Qg3 Kh8 15.
f4 f5 16. Bd2 Qf6 17. Rae1 Rae8 18. e5 Qf7 19. Bc3 Nb6 20. Rf3 Bxc4 21. Bxc4 Nxc4
22. e6 Qe7 23. Qg6 d5 24. Qxh6+ Kg8 25. Qg5 Qxg5 26. fxg5 d4 27. Ba1 Ne3 28. c3
Nc2 29. Re2 Nxa1 30. cxd4 cxd4 31. Rd3 c5 32. Rd1 d3 33. Rxd3 Rd8 34. Rc3 Rd1+
35. Kf2 Rc8 36. g6 Kf8 37. Rf3 c4 38. Rxf5+ Kg8 39. e7 Re8 40. Rc5 Rd6 41. Rxc4
Rxg6 42. Re1 Rf6+ 43. Kg1 Kf7 44. Rxa1 Rxe7 45. Rf1 Rb7 46. Rxf6+ Kxf6 47. h4
Kg6 48. Kh2 Rb5 49. Kh3 a5 50. Kg4 Rb2 1/2-1/2

[Event "Mistrzostwa Polski Juniorow do lat 16 - Dziewczeta"]
[Site "Szklarska Poreba"]
[Date "1899-12-30"]
[Round "3.14"]
[White "Lochina, Justyna"]
[Black "Kudlak, Julia"]
[Result "1/2-1/2"]
[WhiteTitle "I"]
[BlackTitle "I"]
[WhiteElo "1467"]
[BlackElo "1612"]

1. e4 c5 2. Nf3 d6 3. d4 cxd4 4. Nxd4 Nf6 5. Nc3 a6 6. Be2 e5 7. Nb3 Be7 8. O-O
O-O 9. Be3 Be6 10. f4 exf4 11. Bxf4 Nc6 12. Qe1 d5 13. exd5 Nxd5 14. Nxd5 Qxd5
15. Rd1 Qe4 16. Bd3 Qxe1 17. Rfxe1 Bf6 18. c3 Rad8 19. Nc5 Bg4 20. Rd2 g5 21.
Ne4 Be7 22. Bxg5 Bxg5 23. Nxg5 h6 24. Ne4 Kg7 25. h3 Bf5 26. Bf1 Rxd2 27. Nxd2
Rd8 28. Nf3 Be6 29. b3 a5 30. Bb5 Na7 31. Be2 b5 32. Nd4 Bd7 33. Rd1 Rc8 34. c4
b4 35. Nb5 Nxb5 36. cxb5 Be6 37. Bf3 Rb8 38. Bc6 Kf6 39. Kf2 Ke5 40. g4 f5 41.
gxf5 Kxf5 42. h4 Kf4 43. Rd4+ Ke5 44. Ke3 h5 45. Re4+ Kd6 46. Kd4 Rf8 47. Ke3
Kd5 1/2-1/2

[Event "Mistrzostwa Polski Juniorow do lat 16 - Dziewczeta"]
[Site "Szklarska Poreba"]
[Date "1899-12-30"]
[Round "3.15"]
[White "Krzyzosiak, Marta"]
[Black "Pieczewska, Gabriela"]
[Result "1-0"]
[WhiteTitle "I++"]
[BlackTitle "I"]
[WhiteElo "1608"]
[BlackElo "1172"]

1. e4 e6 2. d3 d5 3. Qe2 Be7 4. Nf3 c5 5. g3 Nc6 6. Bg2 b5 7. O-O Nf6 8. b3 O-O
9. e5 Nd7 10. Bb2 d4 11. Nxd4 Nxd4 12. Bxd4 Rb8 13. Bb2 Bb7 14. Bxb7 Rxb7 15.
Nd2 Nb6 16. Ne4 Qc7 17. c4 b4 18. Rad1 Rd8 19. d4 Rbb8 20. Rd2 Rd7 21. Rfd1 Rbd8
22. dxc5 Bxc5 23. Nxc5 Qxc5 24. Rxd7 Rxd7 25. Rxd7 Nxd7 26. Qd2 Qe7 27. Qd6 Kf8
28. Kf1 g6 29. Ke2 Ke8 30. Qxe7+ Kxe7 31. Bd4 a6 32. Kd3 Kd8 33. f4 Kc7 34. Ke4
Kc6 35. g4 h6 36. f5 g5 37. fxe6 fxe6 38. Bf2 Nf8 39. h4 Nh7 40. Be3 a5 41. hxg5
hxg5 42. Kd4 Kb6 43. Bc1 Kc6 44. a3 bxa3 45. Bxa3 Kb6 46. Bd6 Kc6 47. c5 Kb5 48.
Kc3 Kc6 49. Kc4 Kb7 50. Kb5 Ka8 51. Kxa5 Kb7 52. Kb5 Kc8 53. Kb6 Kd8 54. Kb7 1-0

[Event "Mistrzostwa Polski Juniorow do lat 16 - Dziewczeta"]
[Site "Szklarska Poreba"]
[Date "1899-12-30"]
[Round "3.16"]
[White "Grzyb, Anna"]
[Black "Libura, Julianna"]
[Result "1-0"]
[WhiteTitle "I"]
[BlackTitle "I+"]
[WhiteElo "1404"]
[BlackElo "1558"]

1. d4 d5 2. c4 e6 3. Nc3 Nf6 4. cxd5 exd5 5. Bg5 Nbd7 6. e3 Be7 7. Bd3 h6 8. Bh4
O-O 9. Nge2 b6 10. O-O Bb7 11. Rc1 c5 12. dxc5 Nxc5 13. Nd4 Nfe4 14. Bxe7 Qxe7
15. Bb5 Qf6 16. Nxe4 dxe4 17. Qg4 Bd5 18. b4 Ne6 19. Bc6 Bxc6 20. Rxc6 Qg5 21.
Qxe4 Nxd4 22. Qxd4 Qb5 23. Rfc1 Qa4 24. Qg4 Qxa2 25. Rxh6 Qd2 26. Rf1 Rac8 27.
Rh4 Rc6 28. Qh3 f6 29. Rh8+ Kf7 30. Qh5+ Ke7 31. Rh7 Rf7 32. Qg4 Rc1 33. Qe4+
Kd7 34. g3 Rxf1+ 35. Kxf1 Qd1+ 36. Kg2 f5 37. Qe5 Qd6 38. Qxd6+ Kxd6 39. Rh4 a5
40. bxa5 bxa5 41. Ra4 Ra7 42. Kf3 Kc5 43. Kf4 g6 44. Kg5 Kb5 45. Ra1 Ra6 46. h4
Kc4 47. h5 gxh5 48. Kxf5 a4 49. e4 Kb3 50. e5 Kb2 51. Rh1 a3 52. Rxh5 a2 53. Rh1
Rc6 54. e6 Rc5+ 55. Kg6 Rc1 56. Rxc1 Kxc1 57. e7 a1=Q 58. e8=Q Qa6+ 59. Kf5 Qd6
60. Qe3+ Kd1 61. f4 Qd5+ 62. Kg4 Qg8+ 63. Kf3 Qd5+ 64. Qe4 Qb3+ 65. Qe3 Qd5+ 66.
Kf2 Qa2+ 67. Kg1 Qd5 68. g4 Qd8 69. f5 Qh4 70. Qf3+ Kc1 71. Qf1+ Kd2 72. Qf2+
Ke1 73. Qf1+ Kf2+ 74. Qxf2 1-0

[Event "Mistrzostwa Polski Juniorow do lat 16 - Dziewczeta"]
[Site "Szklarska Poreba"]
[Date "1899-12-30"]
[Round "3.17"]
[White "Lukasik, Zuzanna"]
[Black "Bienko, Jagoda"]
[Result "1-0"]
[WhiteTitle "I++"]
[BlackTitle "I"]
[WhiteElo "1563"]
[BlackElo "1356"]

1. e4 c5 2. c3 d5 3. exd5 Qxd5 4. d4 cxd4 5. cxd4 Nc6 6. Be3 Nf6 7. Nc3 Qd8 8.
Nf3 Nd5 9. Bc4 Nxe3 10. fxe3 Bf5 11. Qb3 e6 12. Qxb7 Rc8 13. Bb5 Qc7 14. Qxc7
Rxc7 15. Ne5 Bd6 16. Bxc6+ Ke7 17. Bf3 Bxe5 18. dxe5 Rb8 19. Rc1 Rd7 20. e4 Bg6
21. b3 Rd3 22. Ke2 Rbd8 23. Rhd1 Rxd1 24. Rxd1 Rc8 25. Nb5 Rc2+ 26. Rd2 Rc5 27.
Nxa7 Rc7 28. Nb5 Rb7 29. a4 1-0

[Event "Mistrzostwa Polski Juniorow do lat 16 - Dziewczeta"]
[Site "Szklarska Poreba"]
[Date "1899-12-30"]
[Round "3.18"]
[White "Franek, Diana"]
[Black "Slusarczyk, Milena"]
[Result "1/2-1/2"]
[WhiteTitle "I"]
[BlackTitle "I+"]
[WhiteElo "1362"]
[BlackElo "1537"]

1. b3 d5 2. Bb2 c5 3. g3 Nc6 4. Nf3 f6 5. Bg2 e5 6. d3 Be6 7. O-O Bd6 8. Nbd2 Nge7
9. c4 d4 10. Ne4 Qd7 11. Nfd2 O-O-O 12. Nxd6+ Qxd6 13. Ne4 Qc7 14. Nxc5 Bf7 15.
Ne4 h5 16. h3 Nf5 17. Ba3 Nce7 18. Qc1 Ng6 19. Qd2 h4 20. g4 Nfe7 21. Qb4 Nc6
22. Qc5 Be6 23. Bc1 f5 24. Ng5 Qd7 25. Bxc6 bxc6 26. Nxe6 Qxe6 27. f3 Kb7 28.
Bd2 fxg4 29. fxg4 Nf4 30. Bxf4 exf4 31. Qb4+ Ka8 32. Qd2 g5 33. Rae1 Rhe8 34.
Rf2 c5 35. Rf3 Qd6 36. Kf2 Re3 37. Qb2 Rde8 38. Qd2 Qe7 39. a3 Qb7 40. b4 Rxf3+
41. exf3 Re3 42. Qd1 cxb4 43. axb4 Qxb4 44. Re2 Qc3 45. Rd2 a5 46. Ra2 Re5 47.
Qb1 Ka7 48. Rb2 Re7 49. Kf1 Re8 50. Rb7+ Ka8 51. Rb6 Ka7 52. Rb7+ Ka8 1/2-1/2

[Event "Mistrzostwa Polski Juniorow do lat 16 - Dziewczeta"]
[Site "Szklarska Poreba"]
[Date "1899-12-30"]
[Round "3.19"]
[White "Czernikowska, Laura"]
[Black "Cieslak, Jessica"]
[Result "1-0"]
[WhiteTitle "WCM"]
[BlackTitle "I"]
[WhiteElo "1427"]
[BlackElo "1330"]

1. d4 d6 2. c4 e5 3. d5 Nf6 4. Nc3 Nbd7 5. e4 a5 6. Nf3 Nc5 7. Qc2 Bd7 8. Be3 b6
9. Be2 Be7 10. h3 Qc8 11. Nd2 O-O 12. O-O-O c6 13. dxc6 Qxc6 14. Nd5 Nxd5 15.
cxd5 Qc7 16. Kb1 f5 17. f3 Rac8 18. Rc1 Qd8 19. Qd1 Bg5 20. Qg1 Bxe3 21. Qxe3
f4 22. Qf2 Qg5 23. Nc4 Rcd8 24. Nxb6 Be8 25. Nc4 a4 26. Nxd6 Rxd6 27. Qxc5 Rd8
28. Rhg1 Qg6 29. Bb5 Bxb5 30. Qxb5 a3 31. b3 Rb8 32. Qd3 Rfd8 33. Ka1 Qb6 34.
Qc3 Re8 35. Qc5 Qa6 36. Qc4 Qd6 37. Rgd1 Red8 38. Qc6 Qe7 39. Qc5 Qg5 40. Qf2
Qe7 41. Rc4 Rd7 42. Rdc1 Rbb7 43. Rc8+ Kf7 44. Qc5 Qxc5 45. R8xc5 Ra7 46. Rc6
Re7 47. R1c4 1-0

[Event "Mistrzostwa Polski Juniorow do lat 16 - Dziewczeta"]
[Site "Szklarska Poreba"]
[Date "1899-12-30"]
[Round "3.20"]
[White "Czerwinska, Oliwia"]
[Black "Matyjasek, Michalina"]
[Result "1/2-1/2"]
[WhiteTitle "I"]
[BlackTitle "I"]
[WhiteElo "1355"]
[BlackElo "1393"]

1. e4 c5 2. Nf3 Nc6 3. c3 d5 4. exd5 Qxd5 5. d4 Bg4 6. Be2 Nf6 7. h3 Bh5 8. Be3
cxd4 9. cxd4 e6 10. a3 Be7 11. Nc3 Qd6 12. Qd2 O-O 13. O-O Rad8 14. Rad1 Nd5 15.
Nxd5 Qxd5 16. Nh2 Bf6 17. Bf3 Bxf3 18. Nxf3 Rd7 19. Qc3 Rfd8 20. Rd2 Qb5 21. Rfd1
h6 22. b4 Rd5 23. Bf4 Qb6 24. Be3 Qb5 25. Bf4 Ne7 26. Qd3 Qd7 27. Qe4 Qa4 28.
Rd3 Nf5 29. Be5 Be7 30. g4 Nd6 31. Bxd6 R8xd6 32. Rc1 Rc6 33. Qe3 Bf6 34. Rxc6
Qxc6 35. Ne5 Bxe5 36. dxe5 Rxd3 37. Qxd3 Qc1+ 38. Kg2 Qc7 39. f4 g6 40. Kg3 Kg7
41. Qe3 a6 42. h4 Qc2 43. g5 h5 44. Qf3 Qc7 1/2-1/2

[Event "Mistrzostwa Polski Juniorow do lat 16 - Dziewczeta"]
[Site "Szklarska Poreba"]
[Date "1899-12-30"]
[Round "3.21"]
[White "Bartoszek, Julia"]
[Black "Zajac, Aleksandra"]
[Result "1/2-1/2"]
[WhiteTitle "II+"]
[BlackTitle "II"]
[WhiteElo "1267"]
[BlackElo "1180"]

1. d4 c5 2. Nf3 cxd4 3. Nxd4 d5 4. e3 e5 5. Nf3 Nc6 6. Be2 Be6 7. Nc3 h6 8. a3
Nf6 9. O-O a6 10. b4 b5 11. Bb2 Bd6 12. Re1 Qe7 13. a4 bxa4 14. Rxa4 Nxb4 15.
Na2 Nxa2 16. Rxa2 e4 17. Bxf6 Qxf6 18. Bb5+ Ke7 19. Bc6 exf3 20. Bxa8 Rxa8 21.
Qxf3 Qxf3 22. gxf3 Bh3 23. Rd1 Be6 24. Rda1 Bc8 25. Ra5 Bb7 26. Rb1 Ra7 27. Ra2
Bc7 28. Rab2 Bc6 29. Rb4 Bb5 30. Rd4 Bc4 31. Re1 1/2-1/2

[Event "Mistrzostwa Polski Juniorow do lat 16 - Dziewczeta"]
[Site "Szklarska Poreba"]
[Date "1899-12-30"]
[Round "3.22"]
[White "Pacho, Maria"]
[Black "Retz, Agnieszka"]
[Result "1/2-1/2"]
[WhiteTitle "II"]
[BlackTitle "II+"]
[WhiteElo "1229"]
[BlackElo "1240"]

1. c4 e6 2. g3 Nf6 3. Bg2 d5 4. cxd5 exd5 5. Nf3 Be7 6. O-O O-O 7. d4 b6 8. a3
Bb7 9. Nc3 Nbd7 10. Bf4 c5 11. Rc1 Rc8 12. Re1 Ne4 13. Nxe4 dxe4 14. Nd2 Nf6 15.
dxc5 Bxc5 16. b4 Be7 17. Rxc8 Qxc8 18. Qc1 Qe6 19. Qc7 Bd5 20. Rc1 a5 21. Qc3
axb4 22. axb4 h6 23. Be5 Re8 24. Bd4 Bb7 25. Qb2 Bd5 26. Qc3 Bb7 27. Qb2 Bd5 28.
Qc3 Bb7 29. Qb2 Bd5 30. Qc3 Bb7 1/2-1/2

[Event "Mistrzostwa Polski Juniorow do lat 16 - Dziewczeta"]
[Site "Szklarska Poreba"]
[Date "1899-12-30"]
[Round "4.1"]
[White "Goraj, Barbara"]
[Black "Hertlein, Irena"]
[Result "1/2-1/2"]
[WhiteTitle "WCM"]
[BlackTitle "k"]
[WhiteElo "2115"]
[BlackElo "1910"]

1. e4 d5 2. exd5 Qxd5 3. Nc3 Qd6 4. d4 c6 5. Nf3 Nf6 6. Ne5 Nbd7 7. Nc4 Qc7 8.
a4 Nb6 9. Ne5 g6 10. g3 Bg7 11. Bg2 O-O 12. O-O Be6 13. Qe2 a5 14. Re1 Rad8 15.
Be3 Nfd7 16. Nd3 Rfe8 17. Rad1 Nd5 18. Nxd5 Bxd5 19. Bxd5 cxd5 20. Nf4 e6 21.
Rc1 Rc8 22. Qb5 Qc6 23. Qxa5 Ra8 24. Qb5 Rxa4 25. Qxc6 bxc6 26. c3 Ra2 27. Nd3
Nb6 28. Ra1 Rea8 29. Rxa2 Rxa2 30. Rb1 Nc4 31. Nb4 Rxb2 32. Rxb2 Nxb2 33. Nxc6
1/2-1/2

[Event "Mistrzostwa Polski Juniorow do lat 16 - Dziewczeta"]
[Site "Szklarska Poreba"]
[Date "1899-12-30"]
[Round "4.2"]
[White "Sloniewska, Alicja"]
[Black "Marcinczyk, Monika"]
[Result "1-0"]
[WhiteTitle "I++"]
[BlackTitle "WCM"]
[WhiteElo "1723"]
[BlackElo "2009"]

1. d4 d5 2. c4 e6 3. Nc3 a6 4. cxd5 exd5 5. Bf4 Nf6 6. e3 Bd6 7. Bxd6 Qxd6 8. Bd3
O-O 9. Qc2 Re8 10. Nf3 b6 11. O-O Bb7 12. Rfc1 Nbd7 13. Rab1 c5 14. b3 Rac8 15.
Qe2 b5 16. dxc5 Rxc5 17. b4 Rc7 18. a3 Ne5 19. Nd4 Nfg4 20. g3 Qh6 21. h4 g5 22.
Nf5 Qf6 23. hxg5 Qxg5 24. f4 Qh5 25. fxe5 Rxe5 26. Qxg4+ Qxg4 27. Nh6+ Kg7 28.
Nxg4 Rg5 29. Nh2 Rxg3+ 30. Kf2 Rh3 31. Nf3 1-0

[Event "Mistrzostwa Polski Juniorow do lat 16 - Dziewczeta"]
[Site "Szklarska Poreba"]
[Date "1899-12-30"]
[Round "4.3"]
[White "Kroliczek, Gabriela"]
[Black "Siekanska, Zuzanna"]
[Result "1-0"]
[WhiteTitle "k"]
[BlackTitle "I++"]
[WhiteElo "1994"]
[BlackElo "1696"]

1. e4 c5 2. Nf3 e6 3. d4 cxd4 4. Nxd4 Nf6 5. Nc3 d6 6. g3 Nc6 7. Bg2 Bd7 8. O-O
a6 9. a4 Be7 10. Be3 O-O 11. Qe2 Qc7 12. Rad1 Ne5 13. Kh1 Nc4 14. Bc1 Nb6 15.
a5 Nc4 16. f4 Nxa5 17. g4 h6 18. h4 Nc6 19. Nxc6 Bxc6 20. g5 hxg5 21. hxg5 Nh7
22. Rd3 g6 23. f5 exf5 24. exf5 Bxg5 25. Bxg5 Nxg5 26. f6 Rfe8 27. Qg4 Re5 28.
Nd5 Qd7 29. Qxd7 Bxd7 30. Ne7+ Kf8 31. Rxd6 Bh3 32. Bxh3 Nxh3 33. Kg2 Re3 34.
Nd5 Re6 35. Rd7 Ng5 36. Rh1 Ke8 37. Rxb7 Kd8 38. Rh8+ Re8 39. Rxe8+ 1-0

[Event "Mistrzostwa Polski Juniorow do lat 16 - Dziewczeta"]
[Site "Szklarska Poreba"]
[Date "1899-12-30"]
[Round "4.4"]
[White "Wawrzyniak, Weronika"]
[Black "Dylag, Emilia"]
[Result "0-1"]
[WhiteTitle "I+"]
[BlackTitle "k+"]
[WhiteElo "1648"]
[BlackElo "2083"]

1. e4 c5 2. Nf3 d6 3. d4 cxd4 4. Nxd4 Nf6 5. Nc3 a6 6. Bg5 e6 7. f4 Qc7 8. Qf3
b5 9. Bxf6 gxf6 10. Bd3 b4 11. Nce2 Nd7 12. O-O Bb7 13. Qh5 Qc5 14. Qxc5 Nxc5
15. Ng3 h5 16. Rfe1 h4 17. Nf1 d5 18. Nb3 dxe4 19. Bc4 Nxb3 20. Bxb3 Bc5+ 21.
Ne3 f5 22. Rad1 Ke7 23. Ba4 Rad8 24. Rxd8 Rxd8 25. Kf1 a5 26. Bb5 Rd2 27. a4 Bxe3
28. Rxe3 Rxc2 29. Re2 Rc5 30. Kf2 b3 31. h3 Rc2 32. Ke3 Bd5 33. Kf2 Kf6 34. Ke3
e5 35. fxe5+ Kxe5 36. Kf2 f4 37. Bd3 Rc1 38. Bxe4 Bxe4 39. Rd2 Rc2 40. Ke1 Rxd2
41. Kxd2 Bxg2 42. Kc3 f3 43. Kxb3 f2 44. Kc4 f1=Q+ 45. Kc5 Qa6 46. b4 Qc6# 0-1

[Event "Mistrzostwa Polski Juniorow do lat 16 - Dziewczeta"]
[Site "Szklarska Poreba"]
[Date "1899-12-30"]
[Round "4.5"]
[White "Wikar, Martyna"]
[Black "Grzyb, Anna"]
[Result "1-0"]
[WhiteTitle "k+"]
[BlackTitle "I"]
[WhiteElo "2061"]
[BlackElo "1404"]

1. e4 d5 2. exd5 Nf6 3. d4 Bg4 4. Be2 Bxe2 5. Nxe2 Qxd5 6. O-O Nbd7 7. b3 e6 8.
Bf4 O-O-O 9. c4 Qf5 10. Nbc3 g5 11. Be3 h5 12. b4 h4 13. Qb1 Qg4 14. f3 Qh5 15.
c5 g4 16. f4 Nd5 17. Qd3 N7f6 18. Rab1 Bh6 19. c6 Nxe3 20. Qxe3 Nd5 21. Qd3 Nxc3
22. Nxc3 Qf5 23. cxb7+ Kxb7 24. Qe3 Bg7 25. Rbd1 Rd7 26. Ne4 Rd5 27. Nc5+ Kc8
28. Qc3 Bf8 29. Na6 Bd6 30. Rc1 Qe4 31. Nxc7 Qxd4+ 32. Qxd4 Rxd4 33. Nxe6+ Kd7
34. Nxd4 1-0

[Event "Mistrzostwa Polski Juniorow do lat 16 - Dziewczeta"]
[Site "Szklarska Poreba"]
[Date "1899-12-30"]
[Round "4.6"]
[White "Pisarek, Elzbieta"]
[Black "Adamczyk, Zuzanna"]
[Result "0-1"]
[WhiteTitle "I"]
[BlackTitle "k"]
[WhiteElo "1624"]
[BlackElo "1979"]

1. e4 g6 2. d4 Bg7 3. Nf3 d6 4. h3 Nf6 5. Bd3 O-O 6. O-O Nc6 7. c3 e5 8. dxe5 dxe5
9. Qe2 Qe7 10. Be3 h6 11. Nbd2 Nh5 12. g4 Nf4 13. Bxf4 exf4 14. Kg2 Bd7 15. Nb3
Rae8 16. Rae1 Ne5 17. Nxe5 Bxe5 18. Nd2 h5 19. Rh1 hxg4 20. hxg4 Qg5 21. f3 Kg7
22. Qf2 Rh8 23. Nc4 Bxg4 24. Qg1 Rxh1 25. Qxh1 Rh8 26. Qg1 Rh3 27. fxg4 Qxg4+
28. Kf1 Qf3+ 0-1

[Event "Mistrzostwa Polski Juniorow do lat 16 - Dziewczeta"]
[Site "Szklarska Poreba"]
[Date "1899-12-30"]
[Round "4.7"]
[White "Zarebska, Lena"]
[Black "Czarnecka, Lidia"]
[Result "0-1"]
[WhiteTitle "I++"]
[BlackTitle "I++"]
[WhiteElo "1845"]
[BlackElo "1874"]

1. e4 c5 2. Nf3 e6 3. d4 cxd4 4. Nxd4 a6 5. Bd3 Bc5 6. Nb3 Ba7 7. c4 Nc6 8. O-O
Nge7 9. Nc3 O-O 10. Qe2 Qc7 11. Kh1 Nd4 12. Qg4 d6 13. f4 f5 14. Qh3 Bd7 15. Be3
Nxb3 16. axb3 Bc5 17. Rad1 Rad8 18. Rfe1 Rfe8 19. Bb1 Bb4 20. exf5 exf5 21. Bd4
Qa5 22. Re3 Nc6 23. Rxe8+ Rxe8 24. Bg1 Ne7 25. Qg3 Bc5 26. Bxc5 Qxc5 27. Qd3 Nc8
28. Nd5 Qf2 29. Qf1 Qxf1+ 30. Rxf1 Re2 31. b4 Rxb2 32. Re1 Kf7 33. h3 g6 34. Bd3
Bc6 35. Re2 Rb3 36. Bc2 Ra3 37. Re3 Ra1+ 38. Kh2 Rf1 39. Bd3 Rc1 40. Nc7 Bd7 41.
Be2 Ne7 42. Na8 Bc6 43. Nb6 Rb1 44. b5 axb5 45. cxb5 Bxb5 46. Bf3 Bc6 47. Nc4
Nc8 48. Rd3 Bxf3 49. Rxf3 Ke6 50. Re3+ Kd7 51. Rd3 Rb4 52. Rc3 b5 53. Na3 Nb6
54. Rd3 Na4 55. Rd2 Kc6 56. Rf2 Rb3 57. Nc2 Kc5 58. Re2 Nb6 59. Re7 Nd5 60. Rxh7
Nxf4 0-1